| 000 | 00685nam a2200181 a 4500 | ||
|---|---|---|---|
| 008 | 090325s2005 ||||||||||||||||| || u | ||
| 020 | _a0340900989 | ||
| 050 | _aBF 121 Gro | ||
| 100 | _aGross, Richard | ||
| 245 | 1 | 0 |
_aPsychology: the science of the mind and behaviour. -- 5th ed. _cby Richard Gross |
| 250 | _a5th ed. | ||
| 260 |
_aLondon: _bHodder Arnold _c2005 |
||
| 300 | _axiii, 1007p.: ill + CD-ROM | ||
| 350 | _a0.00 | ||
| 500 | _aAccompanied by a CD-ROM. (See Cybrary staff) | ||
| 650 | 3 | _aPSYCHOLOGY | |
| 995 |
_D0.00 _FCBU-MAIN LIBRARY (Kitwe) _H1 _I0.00 _M1 _UAVAILABLE _WMay 18, 2009 _ZMain Library Open Access Collection |
||
| 999 |
_c55246 _d55246 |
||